2023: NFL Teams with the Most Points - Statistics

General Stats
  • This quiz has been taken 37 times
  • The average score is 9 of 11
Answer Stats
Number of points NFL Team % Correct
509 Dallas Cowboys
100%
451 Buffalo Bills
91%
461 Detroit Lions
84%
496 Miami Dolphins
84%
491 San Francisco 49ers
84%
483 Baltimore Ravens
81%
433 Philadelphia Eagles
81%
404 Los Angeles Rams
78%
396 Cleveland Browns
72%
396 Indianapolis Colts
53%
402 New Orleans Saints
50%
No matching quizzes found
Score Distribution
Percent of People with Each Score
Percentile by Number Answered
Your Score History
You have not taken this quiz